000 00649nam a2200241Ia 4500
003 OSt
005 20221007074850.0
006 a|||||r|||| 00| 0
007 ta
008 221006b |||||||| |||| 00| 0 eng d
020 _a8170249740
024 _a9,164
037 _cTextual
040 _aFLL
_cFLL
_beng
041 _2eng
_aeng
082 _aY:45:61.2.N7, N8
100 _aVadackumchery James
245 0 _aPolice interrogation
260 _aNew Delhi
_bAPH Publishing Corporation India
_c1998
300 _axiv,166p
_ccm.
942 _hY:45:61.2.N7, N8
_cTEXL
_2CC
999 _c1153957
_d1153957